| 000 | 01129nam a2200301 a 4500 | ||
|---|---|---|---|
| 001 | 000023961 | ||
| 005 | 20200930022613.0 | ||
| 008 | 110117s1994 sp r 001 0 spa d | ||
| 020 | _a8429459197 | ||
| 040 |
_aDO-SdBNP _bspa _cBNPHU |
||
| 082 |
_axxxxx _bP893s |
||
| 100 | 1 |
_aPozo Municio, Juan Ignacio _949288 |
|
| 245 | 1 | 3 |
_aLa solución de problemas / _cJuan Ignacio Pozo Municio ; editor Carlos Rodríguez Sierra ; coordinador María del Puy Pérez Echeverría , Jesús Domínguez Castillo , Miguel Ángel Gómez Crespo , Yolanda Postigo Angón. |
| 260 |
_aMadrid : _bSantillana, _c1994. |
||
| 300 |
_a230 p. ; _c22 cm. |
||
| 490 | 1 |
_aAula XXI ; _v57 |
|
| 500 | _aIncluye bibliografía p. [215-223]. | ||
| 500 | _aIncluye índice de autores. | ||
| 500 | _aIncluye índice temático. | ||
| 500 | _aIncluye notas al pie de las páginas. | ||
| 700 | 1 |
_aRodríguez Sierra, Carlos, _eed. _949289 |
|
| 700 | 1 |
_aPuy Pérez, María del _949290 |
|
| 700 | 1 |
_aDomínguez, Jesús _949291 |
|
| 700 | 1 |
_aGómez, Miguel Ángel _923560 |
|
| 700 | 1 |
_aPostigo, Yolanda _949292 |
|
| 830 | 0 |
_aAula XXI ; _n57 _949293 |
|
| 049 | _aBNGR | ||
| 999 |
_c23457 _d23457 |
||